| 000 | 01003nam a22003257a 4500 | ||
|---|---|---|---|
| 003 | CHAP | ||
| 005 | 20220329140825.0 | ||
| 008 | 971013s1967 r 00010 d | ||
| 010 | _a58184 | ||
| 011 | _a59156 | ||
| 035 | _a63313 | ||
| 040 | _cCHAP | ||
| 082 |
_a590.16 _bS5 1967 |
||
| 100 | 0 | 0 |
_aSmith, Roger C. _9107122 |
| 245 | _aGuide to the literature of the zoological sciences | ||
| 250 | _a7 ed. | ||
| 260 |
_aMinneapolis : _bBurgess, _c1967 |
||
| 300 | _a238 p. | ||
| 590 |
_aBATCH-UPD _b10 _c20130109 _lUCH01 _h2330 |
||
| 590 |
_aBATCH-UPD _b10 _c20130110 _lUCH01 _h0349 |
||
| 590 |
_aBATCH-UPD _b10 _c20130110 _lUCH01 _h2226 |
||
| 590 |
_aBATCH-UPD _b10 _c20130409 _lUCH01 _h1855 |
||
| 590 |
_aBATCH-UPD _b10 _c20130914 _lUCH01 _h1855 |
||
| 590 |
_aCONVERSION _b10 _c20130109 _lUCH01 _h1331 |
||
| 650 | 1 | 4 |
_aZoologĂa _xBibliografĂa. _9124159 |
| 700 | 0 |
_aPainter, Reginald Henry. _984759 |
|
| 901 | _aBK | ||
| 942 | _cLIBRO | ||
| 949 |
_a590.16 S5 1967 _bBC _cC _d33724000497590 _eC _h15703 _i63313 _si |
||
| 999 |
_c58184 _d58184 |
||